01573nam a2200361 a 4500001001200000003000800012006001900020007001500039008004100054010001700095020002800112020003500140040002100175035002100196050002300217082002000240245015800260260005800418300002500476490005300501504005100554533015200605650003900757650004800796650003800844650005500882655002900937700002300966700002300989710001701012830005601029856012601085ebr10019114CaPaEBRm u cr cn|||||||||921109s1994 nyua sb 001 0 eng  z 92042842  z0791416593 (alk. paper) z0791416607 (pbk. : alk. paper) aCaPaEBRcCaPaEBR a(OCoLC)61471498014aLA210b.C46 1993eb04a371.2/0097322000aChanging American educationh[electronic resource] :brecapturing the past or inventing the future? /cedited by Kathryn M. Borman and Nancy P. Greenman. aAlbany :bState University of New York Press,cc1994. axvii, 416 p. :bill.1 aSUNY series, teacher preparation and development aIncludes bibliographical references and index. aElectronic reproduction.bPalo Alto, Calif. :cebrary,d2013.nAvailable via World Wide Web.nAccess may be limited to ebrary affiliated libraries. 0aEducational changezUnited States. 0aSchool improvement programszUnited States. 0aCurriculum changezUnited States. 0aSchool management and organizationzUnited States. 7aElectronic books.2local1 aBorman, Kathryn M.1 aGreenman, Nancy P.2 aebrary, Inc. 0aSUNY series in teacher preparation and development.40uhttp://site.ebrary.com/lib/rucke/Doc?id=10019114zAn electronic book accessible through the World Wide Web; click to view